000 00707nam a2200265Ia 4500
003 OSt
005 20221007104133.0
006 a|||||r|||| 00| 0
007 ta
008 221006b |||||||| |||| 00| 0 eng d
020 _a8174790632
024 _a15,012
037 _cTextual
040 _aLCO
_cLCO
_beng
041 _2eng
_aeng
082 _aY15:45, P4
100 _aManiyar Mridula
_9705720
245 0 _aWomen Criminals and their Life-style
250 _a1st
260 _aNew
_bDelhi Kaveri Books India
_c2004
300 _a338
650 _aWOMEN CRIMINALS AND THEIR LIFE STYLE
_9705721
942 _hY15:45, P4
_cTEXL
999 _c1184575
_d1184575